| 000 | 00713nam a22002172 4500 | ||
|---|---|---|---|
| 001 | 0000019022 | ||
| 005 | 20151217152143.0 | ||
| 008 | 100831s xx 000 0 eng d | ||
| 020 | _a0830838783 : | ||
| 040 |
_aKABU _cKABU |
||
| 100 | 1 |
_aRodin, R. Scott. _@0000178561 |
|
| 245 | 1 | 4 |
_aThe Steward leader : _btransforming people organizations and communities / _cR. Scott Rodin. |
| 250 | _a1st ed. | ||
| 260 |
_aDowners Grove, IL. : _bInterVarsity, _c2010. |
||
| 300 | _a197 p. | ||
| 650 | 0 |
_aLeadership _xReligious aspects _xChristianity. _@0000149203 |
|
| 650 | 0 |
_aChristian stewardship. _@0000178562 |
|
| 852 | 1 | _9p2360 KES | |
| 908 | _a100831 | ||
| 950 | _@1 | ||
| 999 |
_c8769 _d8769 |
||